000 01155nab a22002417a 4500
999 _c6061
_d6061
003 OSt
005 20260121000734.0
008 190514b xxu||||| |||| 00| 0 spa d
040 _cPJ
100 _96842
_aRomero, Analía Victoria
245 1 0 _aAlgunos aspectos de la cesión de derechos hereditarios. Vivienda familiar /
_cAnalía Victoria Romero.
300 _ap. 245-252
500 _aCita: TR LALEY AR/DOC/255/2024.
505 _aSumario: I. Antecedentes del caso. Relato de los hechos. Cuestiones relevantes.— II. Inhibición del Juzgado de competencia no familiar.— III. Sentencia.— IV. Comentario del fallo.
505 _tFallo comentado: Juz. Civ. en Flia y Suc., Monteros ~ 30/06/2023 ~ L., B. R. c. S., Y. F. D. V. s/ inhibición y/o excusación.
650 0 _9967
_aDERECHO DE FAMILIA
650 0 _9888
_aSUCESIONES
650 0 _93433
_aCESIÓN DE DERECHOS
650 0 _95362
_aVIVIENDA FAMILIAR
650 0 _91057
_aJURISPRUDENCIA APLICABLE
773 0 _02844
_93222
_dBuenos Aires : AbeledoPerrot, 1989-
_tDerecho de familia. Revista Interdisciplinaria de doctrina y jurisprudencia. Abril 2024-II.
_z18511201
942 _2udc
_cANA